00513nam a2200205Ia 4500003000400000005001700004008004100021020002200062040000700084041000800091082002100099100001500120245006100135250000600196260004300202300001500245365001300260650001600273650001800289OSt20230622162429.0210423s2015 xx 000 0 und d a978-81-224-3620-4 cAL aeng a519.2 223bBHAM aBHAT (B R) aModern probability theory: an introductory textbook Ed 4 a4 aNew DelhibNew Age Internationalc2015 axv,281bPB b275cINR aMathematics aProbabilities